|
|
|
|
| LEADER |
00653nam a2200181 i 4500 |
| 001 |
c000079304 |
| 003 |
CARM |
| 005 |
00000000000000.0 |
| 008 |
851119s1970 enk 0 d |
| 019 |
1 |
|
|a 4094410
|5 LACONCORD2021
|
| 035 |
|
|
|a (OCoLC)217364925
|5 LACONCORD2021
|
| 100 |
1 |
|
|a Ayres, Ruby M.
|q (Ruby Mildred),
|d 1883-1955.
|
| 245 |
1 |
0 |
|a One sees stars.
|
| 260 |
|
|
|a London :
|b Howard Baker,
|c 1970.
|
| 300 |
|
|
|a 190p.
|
| 852 |
8 |
|
|b CARM
|h A2:AH38G0
|i A01662
|p 0132729
|f BK
|
| 999 |
f |
f |
|i 2e7f6b8c-bcbd-5d25-af28-31df89815cd5
|s 1175e114-6276-54cd-a2e5-3f93d968787b
|
| 952 |
f |
f |
|p Can circulate
|a CAVAL
|b CAVAL
|c CAVAL
|d CARM 1 Store
|e A01662
|f A2:AH38G0
|h Other scheme
|i book
|m 0132729
|